Genetical studies on the chlorophyll apparatus in oats and wheat.

Bibliographic Details
Main Author: Froier, Kare, 1912-
Format: Thesis Book
Language:English
Published: Lund : Berlingska boktr, 1946.
Subjects:

MARC

Tag First Indicator Second Indicator Subfields
LEADER 00000cam a2200000 4500
001 in00000043594
005 20151007074911.0
008 800612r1946 sw a b 00000 eng
010 |a  48023478  
035 |a (OCoLC)06414567 
035 |9 AAF2287AM 
040 |a DLC  |c TXA  |d UtOrBLW 
049 |a TXAM  |c [159522] 
050 0 |a SB191.O2  |b F7 
082 0 |a 633.1 
092 |a 633.1  |b F929g 
100 1 |a Froier, Kare,  |d 1912- 
245 1 0 |a Genetical studies on the chlorophyll apparatus in oats and wheat. 
264 1 |a Lund :  |b Berlingska boktr,  |c 1946. 
300 |a 298-406 pages :  |b illustrations ;  |c 25 cm. 
336 |a text  |b txt  |2 rdacontent 
337 |a unmediated  |b n  |2 rdamedia 
338 |a volume  |b nc  |2 rdacarrier 
500 |a Cover title. 
500 |a Extra t.-p., with thesis statement, inserted. 
500 |a From Hereditas, volume 32. 
502 |c Lund. 
504 |a "Literature cited": pages 399-405. 
650 0 |a Oats. 
650 0 |a Wheat. 
650 0 |a Chlorophyll. 
650 0 |a Plants  |x Variation. 
650 0 |a Plants  |x Effect of X-rays on. 
999 |a MARS 
999 f f |s 5cd444bb-990e-3a9e-a65e-a68770002da6  |i 00750899-786f-387b-9e1c-54c6ab73ef60  |t 0 
952 f f |p ric  |a Texas A&M University  |b Rellis Campus  |c Joint Library Facility  |d Remote Storage  |t 0  |e SB191.O2 F7  |h Library of Congress classification  |i unmediated -- volume  |m A14801072146 
998 f f |a SB191.O2 F7  |t 0  |l Remote Storage